000 01550cad a22002295a 4500
001 L153103
008 110608s2011 xxk f 000 0 eng d
035 _a(Sirsi) u153103
041 0 _aeng
100 1 _aBlackwell, Alison
110 2 _aNational Centre for Social Research
_94125
245 0 4 _aThe reality of generation rent
_bperceptions of the first time buyer market
_h[electronic resource]
260 _a[S.l.]
_b[s.n.]
_c[2011]
505 2 _aPreface -- Executive summary -- Context -- Implications -- Main findings -- Aspirations and reality -- First time buyers -- Pessimism about first time buyers and the mortgage process -- References -- Methodology -- Tables
520 _aResults of research commissioned by Halifax to explore people's perceptions of the first time buyers market. 8000 individuals between 24 and 45 took part in an online survey based on the findings of a number of focus groups in London and Manchester. Highlights the concept of generation rent described as a generation with no prospect of owning their own homes over the next five years. Looks at aspirations for ownership, pessisimism towards first time buyers and the mortgage process and lack of motivation for saving up for a deposit.
590 _aKA NTK
651 4 _aUNITED KINGDOM
690 _aPROPERTY-RESIDENTIAL PROPERTY-RESIDENTIAL PROPERTY MARKET
700 1 _aPark, Alison
856 4 0 _uhttps://www.lloydsbankinggroup.com/media/pdfs/2011/First_Time_Buyer_Report.pdf
_zView the item free of charge at www.lloydsbankinggroup.com
942 _n0
999 _c112379
_d112379